[Event "SVK-chT2C 2122"]
[Site "Slovakia"]
[Date "2022.05.01"]
[Round "11.3"]
[White "Janik, Miroslav"]
[Black "Prielozny, Stanislav"]
[Result "0-1"]
[WhiteElo "1874"]
[BlackElo "2095"]
[PlyCount "50"]
[EventDate "2021.10.16"]
[EventType "team-tourn"]
[EventRounds "11"]
[EventCountry "SVK"]
[SourceTitle "EXT 2023"]
[Source "ChessBase"]
[SourceDate "2022.10.05"]
[SourceVersion "1"]
[SourceVersionDate "2022.10.05"]
[SourceQuality "1"]
[WhiteTeam "Dunajov III"]
[BlackTeam "Rajecke Teplice"]
[WhiteTeamCountry "SVK"]
[BlackTeamCountry "SVK"]

1. e4 c6 2. d4 d5 3. exd5 cxd5 4. Bd3 Nc6 5. c3 Qc7 6. h3 Nf6 7. Nf3 g6 8. 0-0 Bf5 9. Re1 Bxd3 10. Qxd3 Bg7 11. Nbd2 0-0 12. Nf1 Ne4 13. Ng5 Nf6 14. Nf3 Rad8 15. b4 Ne4 16. Rb1 b5 17. Ng5 e5 18. Nxe4 dxe4 19. Qxb5 exd4 20. Rxe4 dxc3 21. Bf4 Qd7 22. Bg5 Qd5 23. Qxd5 Rxd5 24. Rc4 Nd4 25. Ng3 Rxg5 0-1

[Event "SVK-chT2C 1920"]
[Site "Slovakia"]
[Date "2019.12.15"]
[Round "6.2"]
[White "Kantorik, Marian"]
[Black "Prielozny, Stanislav"]
[Result "1/2-1/2"]
[WhiteElo "2224"]
[BlackElo "2096"]
[PlyCount "40"]
[EventDate "2019.10.26"]
[EventType "team-tourn"]
[EventRounds "11"]
[EventCountry "SVK"]
[SourceTitle "CBM 194 Extra"]
[Source "ChessBase"]
[SourceDate "2020.03.31"]
[SourceVersion "1"]
[SourceVersionDate "2020.03.31"]
[SourceQuality "1"]
[WhiteTeam "Zilina Mladost III"]
[BlackTeam "Rajecke Teplice"]
[WhiteTeamCountry "SVK"]
[BlackTeamCountry "SVK"]

1. d4 d5 2. c4 c6 3. Nf3 Nf6 4. Nc3 g6 5. e3 Bg7 6. Bd3 Bg4 7. h3 Bxf3 8. Qxf3 0-0 9. 0-0 e6 10. Rd1 Nbd7 11. e4 dxe4 12. Nxe4 Nxe4 13. Bxe4 Qe7 14. Qe2 Rfe8 15. Be3 f5 16. Bc2 e5 17. dxe5 Bxe5 18. Qd2 Nc5 19. Bg5 Qf7 20. Bb3 a5 1/2-1/2

[Event "SVK-chT2C 1920"]
[Site "Slovakia"]
[Date "2019.11.17"]
[Round "4.2"]
[White "Sankova, Stella"]
[Black "Prielozny, Stanislav"]
[Result "1-0"]
[WhiteElo "1982"]
[BlackElo "2096"]
[PlyCount "113"]
[EventDate "2019.10.26"]
[EventType "team-tourn"]
[EventRounds "11"]
[EventCountry "SVK"]
[SourceTitle "CBM 193 Extra"]
[Source "ChessBase"]
[SourceDate "2020.01.31"]
[SourceVersion "1"]
[SourceVersionDate "2020.01.31"]
[SourceQuality "1"]
[WhiteTeam "Zvolen Slavia"]
[BlackTeam "Rajecke Teplice"]
[WhiteTeamCountry "SVK"]
[BlackTeamCountry "SVK"]

1. e4 c6 2. d4 d5 3. exd5 cxd5 4. Bd3 Nc6 5. c3 Qc7 6. Ne2 Bg4 7. f3 Bd7 8. Bf4 e5 9. dxe5 Nxe5 10. Bc2 Nf6 11. 0-0 Bd6 12. Kh1 Nc4 13. Bxd6 Qxd6 14. Qc1 0-0 15. Nd2 Ne3 16. Ne4 dxe4 17. Qxe3 exf3 18. Qxf3 Bc6 19. Qh3 Qd2 20. Nd4 Rae8 21. Rxf6 Bxg2+ 22. Qxg2 Qxg2+ 23. Kxg2 gxf6 24. Rf1 Re5 25. Rxf6 Rg5+ 26. Kf2 Rh5 27. Kg3 Re8 28. Bb3 Re7 29. Nf5 Rd7 30. Nh6+ Kg7 31. Rxf7+ Rxf7 32. Nxf7 Rf5 33. h4 Rf1 34. Nd6 b6 35. Nc8 Rg1+ 36. Kh3 Rh1+ 37. Kg4 Rg1+ 38. Kh5 Rb1 39. Nxa7 Rxb2 40. Nc8 b5 41. Nd6 Re2 42. Nf5+ Kf6 43. Nd4 Re5+ 44. Kh6 b4 45. cxb4 Re4 46. Nf3 Rf4 47. Bd5 Rxb4 48. h5 Rb5 49. Bg8 Ra5 50. Nd4 Ra8 51. Bb3 Ra6 52. Ne6 Ra7 53. Ng5 Kf5 54. Nxh7 Kg4 55. Kg6 Ra5 56. h6 Rc5 57. Nf6+ 1-0

[Event "SVK-chT2C 1718"]
[Site "Slovakia"]
[Date "2018.01.13"]
[Round "5.2"]
[White "Prielozny, Stanislav"]
[Black "Zvarik, Martin"]
[Result "1/2-1/2"]
[WhiteElo "2126"]
[BlackElo "2254"]
[PlyCount "147"]
[EventDate "2017.10.28"]
[EventType "team-tourn"]
[EventRounds "11"]
[EventCountry "SVK"]
[SourceTitle "EXT 2019"]
[Source "ChessBase"]
[SourceDate "2018.10.10"]
[SourceVersion "1"]
[SourceVersionDate "2018.10.10"]
[SourceQuality "1"]
[WhiteTeam "Rajecke Teplice"]
[BlackTeam "Zilina Mladost II"]
[WhiteTeamCountry "SVK"]
[BlackTeamCountry "SVK"]

1. d4 Nf6 2. Nf3 d6 3. c4 Bg4 4. Nfd2 e5 5. d5 e4 6. Qb3 Nbd7 7. Qe3 Bf5 8. h3 Be7 9. g4 Bg6 10. Bg2 0-0 11. Nc3 c6 12. 0-0 Re8 13. g5 Nxd5 14. cxd5 Bxg5 15. Qg3 Nc5 16. Nc4 Be7 17. Bf4 cxd5 18. Nxd5 Bh4 19. Qe3 Ne6 20. Bg3 f5 21. Bxh4 Qxh4 22. Qg3 Qh6 23. e3 Rad8 24. Rfd1 Bh5 25. Rd2 Ng5 26. Kh2 Bf3 27. h4 Nf7 28. Bh3 Kh8 29. Rg1 Rc8 30. b3 b5 31. Na3 a6 32. Qf4 Qxf4+ 33. exf4 g6 34. Nc2 Rc5 35. b4 Rc4 36. Nce3 Rc6 37. Bg2 Bxg2 38. Kxg2 Nd8 39. Kh3 Ne6 40. h5 gxh5 41. Kh4 Rcc8 42. Rdd1 Ra8 43. Rg3 Rg8 44. Nf6 Rg6 45. Rxg6 hxg6 46. Rxd6 Nf8 47. Rb6 Kg7 48. Kg5 Ra7 49. Ned5 Kf7 50. a3 Ne6+ 51. Kh4 Nd4 52. Nh7 Nf3+ 53. Kg3 h4+ 54. Kg2 a5 55. Ng5+ Nxg5 56. fxg5 axb4 57. axb4 Ra2 58. Rf6+ Kg7 59. Nf4 e3 60. Rxg6+ Kf7 61. Rf6+ Kg8 62. Nd3 Rd2 63. Kf3 Rxd3 64. fxe3 Rb3 65. Rxf5 h3 66. Rxb5 Rxe3+ 67. Kf2 Re4 68. Kg3 Rh4 69. Kh2 Kg7 70. Rb6 Rh5 71. Rh6 Rxg5 72. Rxh3 Kf6 73. Rh6+ Ke7 74. Rb6 1/2-1/2

[Event "SVK-chT2C 1516"]
[Site "Slovakia"]
[Date "2016.02.14"]
[Round "9.2"]
[White "Prielozny, Stanislav"]
[Black "Urhegyi, Marton"]
[Result "1/2-1/2"]
[WhiteElo "2133"]
[BlackElo "2307"]
[PlyCount "38"]
[EventDate "2015.10.17"]
[EventType "team-tourn"]
[EventRounds "11"]
[EventCountry "SVK"]
[SourceTitle "EXT 2017"]
[Source "ChessBase"]
[SourceDate "2016.10.25"]
[SourceVersion "1"]
[SourceVersionDate "2016.10.25"]
[SourceQuality "1"]
[WhiteTeam "Rajecke Teplice"]
[BlackTeam "Cebovce"]
[WhiteTeamCountry "SVK"]
[BlackTeamCountry "SVK"]

1. d4 d5 2. Nf3 Nf6 3. c4 c6 4. e3 Bf5 5. Qb3 Qc7 6. Nc3 e6 7. Bd2 Nbd7 8. Rc1 Qb6 9. Nh4 Be4 10. f3 Bg6 11. Nxg6 hxg6 12. cxd5 exd5 13. Qxb6 axb6 14. Kf2 Bd6 15. Bd3 0-0 16. g4 b5 17. a3 Nb6 18. g5 Nfd7 19. h4 Rfe8 1/2-1/2

[Event "SVK-chT2C 1516"]
[Site "Slovakia"]
[Date "2016.01.24"]
[Round "7.2"]
[White "Prielozny, Stanislav"]
[Black "Magat, Jozef"]
[Result "1/2-1/2"]
[WhiteElo "2128"]
[BlackElo "2081"]
[PlyCount "28"]
[EventDate "2015.10.17"]
[EventType "team-tourn"]
[EventRounds "11"]
[EventCountry "SVK"]
[SourceTitle "CBM 170 Extra"]
[Source "ChessBase"]
[SourceDate "2016.02.25"]
[SourceVersion "1"]
[SourceVersionDate "2016.02.25"]
[SourceQuality "1"]
[WhiteTeam "Rajecke Teplice"]
[BlackTeam "Dunajov Inbest II"]
[WhiteTeamCountry "SVK"]
[BlackTeamCountry "SVK"]

1. d4 d5 2. Nf3 Nf6 3. c4 c6 4. e3 Bf5 5. Qb3 Qb6 6. Nc3 e6 7. Bd2 Nbd7 8. Rc1 Qxb3 9. axb3 Bd6 10. Nh4 Bg6 11. h3 0-0 12. Nxg6 hxg6 13. Be2 Rfe8 14. 0-0 a6 1/2-1/2

[Event "SVK-chT1E 1415"]
[Site "Slovakia"]
[Date "2014.11.29"]
[Round "3.5"]
[White "Prielozny, Stanislav"]
[Black "Krak, Tomas"]
[Result "0-1"]
[WhiteElo "2128"]
[BlackElo "2353"]
[PlyCount "150"]
[EventDate "2014.10.18"]
[EventType "team-tourn"]
[EventRounds "11"]
[EventCountry "SVK"]
[SourceTitle "EXT 2016"]
[Source "ChessBase"]
[SourceDate "2015.10.08"]
[SourceVersion "1"]
[SourceVersionDate "2015.10.08"]
[SourceQuality "1"]
[WhiteTeam "Zilina"]
[BlackTeam "Humenne"]
[WhiteTeamCountry "SVK"]
[BlackTeamCountry "SVK"]

1. d4 Nf6 2. Nf3 g6 3. c4 c5 4. e3 Bg7 5. Nc3 0-0 6. Be2 cxd4 7. exd4 d5 8. c5 Nc6 9. h3 Ne4 10. 0-0 Be6 11. Re1 b6 12. cxb6 Nxc3 13. bxc3 axb6 14. Bb5 Na5 15. a4 Qc7 16. Ba3 Bf6 17. Bb4 Nc4 18. Qe2 Ra7 19. Bxc4 dxc4 20. Ne5 Rfa8 21. Qe4 Bf5 22. Qd5 e6 23. Qb5 Bc2 24. a5 bxa5 25. Bc5 Rb7 26. Qxc4 a4 27. Qe2 Bb3 28. Qf3 Bg7 29. Ra3 Bd5 30. Qe2 Bxe5 31. Qxe5 Qxe5 32. dxe5 Rb5 33. Bb4 Bb3 34. Rb1 Rc8 35. Re1 Rd5 36. Re3 h6 37. Ra1 Kh7 38. Re2 g5 39. Re4 Kg6 40. g4 Rcd8 41. Rae1 Rd3 42. Kh2 Ra8 43. Ra1 Rd2 44. Kg3 Rad8 45. Bd6 Rc8 46. Bb4 Bd5 47. Ree1 Rc4 48. Re3 Rf4 49. f3 Bc6 50. h4 Rc4 51. h5+ Kg7 52. Ra3 Rd1 53. Ra2 Rg1+ 54. Kh2 Rb1 55. Kg3 Rb3 56. Kf2 Rb1 57. Kg3 Rf4 58. Rd3 Rg1+ 59. Kh2 Rf1 60. Be7 f5 61. gxf5 exf5 62. Bf6+ Kf7 63. Rd6 Bxf3 64. Rd7+ Ke6 65. Rd6+ Kf7 66. Rd7+ Ke8 67. Re7+ Kd8 68. Rd2+ Kc8 69. Re8+ Kc7 70. Bd8+ Kc6 71. Re6+ Kc5 72. Bb6+ Kc4 73. Rd4+ Rxd4 74. Bxd4 f4 75. Bg1 g4 0-1

[Event "SVK-chT2C 1415"]
[Site "Slovakia"]
[Date "2014.11.09"]
[Round "4.1"]
[White "Giertli, Vladimir"]
[Black "Prielozny, Stanislav"]
[Result "1/2-1/2"]
[WhiteElo "2069"]
[BlackElo "2128"]
[PlyCount "133"]
[EventDate "2014.10.11"]
[EventType "team-tourn"]
[EventRounds "11"]
[EventCountry "SVK"]
[SourceTitle "EXT 2016"]
[Source "ChessBase"]
[SourceDate "2015.10.08"]
[SourceVersion "1"]
[SourceVersionDate "2015.10.08"]
[SourceQuality "1"]
[WhiteTeam "Podbrezova ZP Sport"]
[BlackTeam "Rajecke Teplice"]
[WhiteTeamCountry "SVK"]
[BlackTeamCountry "SVK"]

1. Nf3 d5 2. g3 Nf6 3. Bg2 Bf5 4. c4 c6 5. Qa4 e6 6. d3 Nbd7 7. cxd5 exd5 8. 0-0 Be7 9. Nc3 h6 10. Re1 Bh7 11. Bf4 0-0 12. Rab1 a5 13. a3 Nc5 14. Qc2 a4 15. Nd4 Re8 16. Rbd1 Qb6 17. h3 Nh5 18. Be3 Bd6 19. g4 Nf4 20. Qd2 Nxg2 21. Kxg2 Qc7 22. Rc1 Qd7 23. Rcd1 Qe7 24. Bf4 Ne6 25. Nxe6 Qxe6 26. e4 Qf6 27. Bxd6 Qxd6 28. f4 f6 29. Qf2 b5 30. exd5 Rxe1 31. Rxe1 cxd5 32. Nxb5 Qd7 33. Nc3 Bxd3 34. Qd4 Bc4 35. Rd1 Rd8 36. Rd2 Qc6 37. Kg3 Bb3 38. h4 Qe8 39. Qc5 Qe1+ 40. Qf2 Qh1 41. Ne2 Re8 42. Nd4 Re1 43. Nf3 Rf1 44. Qg2 Qxg2+ 45. Kxg2 Bc4 46. Kg3 Kf7 47. h5 Ke7 48. Nd4 Rg1+ 49. Kf3 Rf1+ 50. Rf2 Rd1 51. Nf5+ Kf8 52. Nd6 Rd3+ 53. Kg2 Rb3 54. Rd2 Bd3 55. Kf2 Ke7 56. Nc8+ Kd7 57. Nb6+ Rxb6 58. Rxd3 Rxb2+ 59. Kf1 Rb3 60. Rxd5+ Ke6 61. Rc5 Rf3+ 62. Kg2 Rxf4 63. Kg3 Rd4 64. Rc7 Rd3+ 65. Kf4 Rd4+ 66. Kf3 Rd3+ 67. Kf4 1/2-1/2

[Event "SVK-chT1E 1314"]
[Site "Slovakia"]
[Date "2014.03.02"]
[Round "9.4"]
[White "Prielozny, Stanislav"]
[Black "Kusiak, Matej"]
[Result "0-1"]
[WhiteElo "2138"]
[BlackElo "2197"]
[PlyCount "51"]
[EventDate "2013.10.12"]
[EventType "team-tourn"]
[EventRounds "11"]
[EventCountry "SVK"]
[SourceTitle "EXT 2015"]
[Source "ChessBase"]
[SourceDate "2014.11.20"]
[SourceVersion "1"]
[SourceVersionDate "2014.11.20"]
[SourceQuality "1"]
[WhiteTeam "Zilina Mladost"]
[BlackTeam "Humenne"]
[WhiteTeamCountry "SVK"]
[BlackTeamCountry "SVK"]

1. d4 Nf6 2. Nf3 e6 3. c4 b6 4. g3 Ba6 5. Qa4 c6 6. Nc3 d5 7. cxd5 b5 8. Qb3 exd5 9. Ne5 Be7 10. e4 0-0 11. exd5 Qb6 12. Be3 Nxd5 13. Nxc6 Nxc6 14. Nxd5 Qa5+ 15. Qc3 Bb4 16. Nxb4 Nxb4 17. Bd2 Bb7 18. f3 Bxf3 19. Rg1 Nc2+ 20. Qxc2 Qb6 21. Qc5 Qf6 22. Bf4 Rac8 23. Qb4 Rc2 24. Bxb5 Qe6+ 25. Be5 Qf5 26. Ba4 0-1

[Event "SVK-chT2C 1314"]
[Site "Slovakia"]
[Date "2014.02.01"]
[Round "7.3"]
[White "Magat, Jozef"]
[Black "Prielozny, Stanislav"]
[Result "1/2-1/2"]
[WhiteElo "2102"]
[BlackElo "2138"]
[PlyCount "52"]
[EventDate "2013.10.19"]
[EventType "team-tourn"]
[EventRounds "11"]
[EventCountry "SVK"]
[SourceTitle "EXT 2015"]
[Source "ChessBase"]
[SourceDate "2014.11.20"]
[SourceVersion "1"]
[SourceVersionDate "2014.11.20"]
[SourceQuality "1"]
[WhiteTeam "Dunajov II"]
[BlackTeam "Rajecke Teplice"]
[WhiteTeamCountry "SVK"]
[BlackTeamCountry "SVK"]

1. d4 d5 2. c4 c6 3. cxd5 cxd5 4. Nc3 Nf6 5. Nf3 Nc6 6. Bf4 Bf5 7. e3 e6 8. Bd3 Bxd3 9. Qxd3 Be7 10. h3 a6 11. 0-0 0-0 12. Rac1 Rc8 13. Rfd1 b5 14. Ne5 Qb6 15. Ne2 Nxe5 16. Bxe5 Qa5 17. Bxf6 Bxf6 18. Qb1 b4 19. b3 Qb5 20. Rxc8 Rxc8 21. Rc1 Rxc1+ 22. Qxc1 g6 23. Qc2 e5 24. Qd2 exd4 25. Nxd4 Qc5 26. Kf1 a5 1/2-1/2

[Event "SVK-chT2C 1314"]
[Site "Slovakia"]
[Date "2014.01.11"]
[Round "5.3"]
[White "Prielozny, Stanislav"]
[Black "Pecha, Tomas"]
[Result "1/2-1/2"]
[WhiteElo "2138"]
[BlackElo "2212"]
[PlyCount "31"]
[EventDate "2013.10.19"]
[EventType "team-tourn"]
[EventRounds "11"]
[EventCountry "SVK"]
[SourceTitle "EXT 2015"]
[Source "ChessBase"]
[SourceDate "2014.11.20"]
[SourceVersion "1"]
[SourceVersionDate "2014.11.20"]
[SourceQuality "1"]
[WhiteTeam "Rajecke Teplice"]
[BlackTeam "Zilina Mladost II"]
[WhiteTeamCountry "SVK"]
[BlackTeamCountry "SVK"]

1. d4 d5 2. Nf3 Nf6 3. c4 c6 4. Nc3 e6 5. e3 Nbd7 6. Bd3 dxc4 7. Bxc4 b5 8. Bd3 Bb7 9. 0-0 a6 10. e4 c5 11. e5 Nd5 12. Ne4 h6 13. dxc5 Nxc5 14. Nxc5 Bxc5 15. Qe2 Qb6 16. a3 1/2-1/2

[Event "SVK-chT1E 1213"]
[Site "Slovakia"]
[Date "2013.02.23"]
[Round "8.1"]
[White "Tropp, Oliver"]
[Black "Prielozny, Stanislav"]
[Result "1-0"]
[WhiteElo "1978"]
[BlackElo "2166"]
[PlyCount "75"]
[EventDate "2012.10.20"]
[EventType "team-tourn"]
[EventRounds "11"]
[EventCountry "SVK"]
[SourceTitle "EXT 2015"]
[Source "ChessBase"]
[SourceDate "2014.11.20"]
[SourceVersion "1"]
[SourceVersionDate "2014.11.20"]
[SourceQuality "1"]
[WhiteTeam "Kezmarok"]
[BlackTeam "Rajecke Teplice"]
[WhiteTeamCountry "SVK"]
[BlackTeamCountry "SVK"]

1. c4 c6 2. Nc3 d5 3. cxd5 cxd5 4. d4 Nc6 5. Bf4 e5 6. dxe5 d4 7. Ne4 Qa5+ 8. Nd2 Nxe5 9. Bxe5 Qxe5 10. Ngf3 Qd5 11. Qa4+ Bd7 12. Qxd4 Qxd4 13. Nxd4 Nf6 14. e3 Bc5 15. Bc4 Rc8 16. a3 0-0 17. N4f3 b5 18. Bb3 a5 19. 0-0 a4 20. Bd1 Rfe8 21. Be2 Nd5 22. Rfd1 g5 23. Nc4 Nf6 24. Nce5 Bf5 25. Bxb5 g4 26. Bxe8 Rxe8 27. Rac1 Bf8 28. Nh4 Rxe5 29. Nxf5 Rxf5 30. Rd4 h5 31. Rxa4 h4 32. h3 g3 33. Rf4 gxf2+ 34. Rxf2 Rxf2 35. Kxf2 Bh6 36. Kf3 Nd5 37. Rc5 Nxe3 38. Rh5 1-0

[Event "SVK-chT1E 1213"]
[Site "Slovakia"]
[Date "2013.01.12"]
[Round "5.6"]
[White "Straka, Jozef1111"]
[Black "Prielozny, Stanislav"]
[Result "1-0"]
[WhiteElo "2348"]
[BlackElo "2166"]
[PlyCount "49"]
[EventDate "2012.10.20"]
[EventType "team-tourn"]
[EventRounds "11"]
[EventCountry "SVK"]
[SourceTitle "EXT 2015"]
[Source "ChessBase"]
[SourceDate "2014.11.20"]
[SourceVersion "1"]
[SourceVersionDate "2014.11.20"]
[SourceQuality "1"]
[WhiteTeam "Kysucke Nove Mesto"]
[BlackTeam "Rajecke Teplice"]
[WhiteTeamCountry "SVK"]
[BlackTeamCountry "SVK"]

1. Nf3 Nf6 2. c4 c6 3. g3 d5 4. Bg2 Bf5 5. 0-0 e6 6. d3 Nbd7 7. Nc3 h6 8. cxd5 cxd5 9. Qb3 Qb6 10. Qxb6 axb6 11. Nb5 Ra5 12. Nfd4 Bg4 13. Bd2 Rxb5 14. Nxb5 Bxe2 15. Rfc1 Bc5 16. Bf1 Bxf1 17. Kxf1 0-0 18. b4 Be7 19. Rc7 e5 20. Rac1 Kh7 21. Rxb7 d4 22. Rcc7 Rd8 23. a4 Kg6 24. Na7 Bd6 25. Rc8 1-0

[Event "SVK-chT1E 1112"]
[Site "Slovakia"]
[Date "2012.03.04"]
[Round "11.1"]
[White "Prielozny, Stanislav"]
[Black "Druska, Juraj"]
[Result "0-1"]
[WhiteElo "2169"]
[BlackElo "2338"]
[PlyCount "98"]
[EventDate "2011.10.15"]
[EventType "team-tourn"]
[EventRounds "11"]
[EventCountry "SVK"]
[SourceTitle "EXT 2013"]
[Source "ChessBase"]
[SourceDate "2012.11.22"]
[SourceVersion "1"]
[SourceVersionDate "2012.11.22"]
[SourceQuality "1"]
[WhiteTeam "Rajecke Teplice"]
[BlackTeam "Liptov Chess School"]
[WhiteTeamCountry "SVK"]
[BlackTeamCountry "SVK"]

1. d4 Nf6 2. Nf3 c5 3. e3 e6 4. c4 b6 5. Nc3 d6 6. Be2 Be7 7. 0-0 0-0 8. h3 Bb7 9. d5 exd5 10. cxd5 Re8 11. e4 Bf8 12. Bd3 g6 13. Nd2 Na6 14. Bb5 Re7 15. f4 Nc7 16. Bd3 a6 17. a4 Rb8 18. Nc4 Ba8 19. e5 Nfe8 20. exd6 Nxd6 21. Nxd6 Qxd6 22. Ne4 Qd8 23. d6 Rxe4 24. Bxe4 Bxe4 25. dxc7 Qxc7 26. Qe2 Qc6 27. Re1 f5 28. Rd1 Re8 29. Bd2 Bd6 30. Qxa6 Bxg2 31. Qb5 Qa8 32. Re1 Bc6 33. Qc4+ Kf8 34. Rxe8+ Qxe8 35. Re1 Be4 36. Qc3 Kf7 37. Qb3+ Kg7 38. Qxb6 Qe7 39. Bc3+ Kh6 40. Bd2 Qh4 41. Rxe4 Qg3+ 42. Kf1 Qf3+ 43. Kg1 Qd1+ 44. Re1 Qxd2 45. Re5 Bxe5 46. fxe5 Qe3+ 47. Kg2 f4 48. Qf6 Qg3+ 49. Kf1 f3 0-1

[Event "SVK-chT1E 1112"]
[Site "Slovakia"]
[Date "2012.03.03"]
[Round "10.3"]
[White "Vacek, Ondrej"]
[Black "Prielozny, Stanislav"]
[Result "1/2-1/2"]
[WhiteElo "2097"]
[BlackElo "2169"]
[PlyCount "114"]
[EventDate "2011.10.15"]
[EventType "team-tourn"]
[EventRounds "11"]
[EventCountry "SVK"]
[SourceTitle "EXT 2013"]
[Source "ChessBase"]
[SourceDate "2012.11.22"]
[SourceVersion "1"]
[SourceVersionDate "2012.11.22"]
[SourceQuality "1"]
[WhiteTeam "Banska Bystrica"]
[BlackTeam "Rajecke Teplice"]
[WhiteTeamCountry "SVK"]
[BlackTeamCountry "SVK"]

1. Nf3 Nf6 2. c4 c6 3. d4 d5 4. Qb3 dxc4 5. Qxc4 a6 6. g3 e6 7. Bg2 Nbd7 8. 0-0 c5 9. a4 b5 10. Qc2 Bb7 11. axb5 axb5 12. Rxa8 Qxa8 13. dxc5 Bxc5 14. Bg5 Ne4 15. Bf4 0-0 16. Nc3 Rc8 17. Qb3 b4 18. Nxe4 Bxe4 19. Ne1 Nf6 20. Bxe4 Qxe4 21. Qd3 h6 22. Qxe4 Nxe4 23. Nd3 g5 24. Bc1 Bd4 25. e3 Bc5 26. f3 Rd8 27. Nxb4 Nd2 28. Nc6 Bxe3+ 29. Kg2 Rd6 30. Bxd2 Rxd2+ 31. Kh3 Rxb2 32. Ne5 Bd4 33. Nd3 Rd2 34. Nc1 Bb2 35. Nb3 Re2 36. Nc5 f5 37. Rb1 Kf7 38. Nd3 Bf6 39. Re1 Rc2 40. Ne5+ Kg7 41. g4 Bxe5 42. Rxe5 Kf6 43. Ra5 Rc3 44. Kg2 f4 45. Rb5 Rc2+ 46. Kg1 Rd2 47. Ra5 Rd5 48. Ra4 Rd6 49. h4 gxh4 50. Rxf4+ Kg5 51. Re4 e5 52. Kh2 Rd5 53. Kg2 Ra5 54. Kh3 Rb5 55. Kg2 Kf6 56. f4 exf4 57. Rxf4+ Kg5 1/2-1/2

[Event "SVK-chT1E 1112"]
[Site "Slovakia"]
[Date "2012.02.05"]
[Round "9.4"]
[White "Prielozny, Stanislav"]
[Black "Najgebauer, Szemjon"]
[Result "1-0"]
[WhiteElo "2169"]
[BlackElo "2214"]
[PlyCount "81"]
[EventDate "2011.10.15"]
[EventType "team-tourn"]
[EventRounds "11"]
[EventCountry "SVK"]
[SourceTitle "EXT 2013"]
[Source "ChessBase"]
[SourceDate "2012.11.22"]
[SourceVersion "1"]
[SourceVersionDate "2012.11.22"]
[SourceQuality "1"]
[WhiteTeam "Rajecke Teplice"]
[BlackTeam "Kosice Slavia"]
[WhiteTeamCountry "SVK"]
[BlackTeamCountry "SVK"]

1. d4 Nf6 2. Nf3 g6 3. c4 Bg7 4. Nc3 0-0 5. Bg5 c5 6. e3 h6 7. Bh4 d6 8. Be2 Nc6 9. d5 Ne5 10. Nd2 a6 11. 0-0 Rb8 12. a4 b6 13. h3 g5 14. Bg3 Bf5 15. f4 gxf4 16. exf4 Ng6 17. Bh2 Bd7 18. Bd3 Re8 19. g4 b5 20. g5 hxg5 21. fxg5 Nh7 22. Qh5 e5 23. Rxf7 Qxg5+ 24. Qxg5 Nxg5 25. Rxd7 Nxh3+ 26. Kf1 Rf8+ 27. Ke1 Nh4 28. Bf1 Ng5 29. Bg3 Nhf3+ 30. Kd1 Nxd2 31. Kxd2 Nf3+ 32. Kd1 bxc4 33. Bh3 Ng5 34. Be6+ Nxe6 35. dxe6 Rxb2 36. Rb1 Rg2 37. e7 Re8 38. Rd8 Rg1+ 39. Be1 Kf7 40. Rxe8 Kxe8 41. Nd5 1-0

[Event "SVK-chT1E 1112"]
[Site "Slovakia"]
[Date "2012.02.04"]
[Round "8.4"]
[White "Rogos, Jan Jr"]
[Black "Prielozny, Stanislav"]
[Result "1-0"]
[WhiteElo "2164"]
[BlackElo "2169"]
[PlyCount "49"]
[EventDate "2011.10.15"]
[EventType "team-tourn"]
[EventRounds "11"]
[EventCountry "SVK"]
[SourceTitle "EXT 2013"]
[Source "ChessBase"]
[SourceDate "2012.11.22"]
[SourceVersion "1"]
[SourceVersionDate "2012.11.22"]
[SourceQuality "1"]
[WhiteTeam "Svit"]
[BlackTeam "Rajecke Teplice"]
[WhiteTeamCountry "SVK"]
[BlackTeamCountry "SVK"]

1. e4 c6 2. d4 d5 3. e5 c5 4. c3 Nc6 5. Nf3 Bg4 6. Be2 e6 7. 0-0 Bxf3 8. Bxf3 cxd4 9. cxd4 Qb6 10. Be3 Qxb2 11. Nd2 Qb6 12. Qa4 Qb4 13. Qd1 Qb6 14. Rb1 Qc7 15. Qb3 Rb8 16. Rfc1 Nge7 17. Be2 h6 18. Nf3 a6 19. Bd2 a5 20. Bb5 Kd7 21. Qa4 Ra8 22. Bb4 Nc8 23. Bxf8 Rxf8 24. Bxc6+ bxc6 25. Rxc6 1-0

[Event "SVK-chT1E 1011"]
[Site "Slovakia"]
[Date "2011.02.12"]
[Round "6.3"]
[White "Prielozny, Stanislav"]
[Black "Svana, Peter"]
[Result "1-0"]
[WhiteElo "2167"]
[BlackElo "2227"]
[PlyCount "61"]
[EventDate "2010.11.06"]
[EventType "team-tourn"]
[EventRounds "11"]
[EventCountry "SVK"]
[SourceTitle "EXT 2012"]
[Source "ChessBase"]
[SourceDate "2011.11.24"]
[SourceVersion "1"]
[SourceVersionDate "2011.11.24"]
[SourceQuality "1"]
[WhiteTeam "Rajecke Teplice"]
[BlackTeam "Kysucke Nove Mesto"]
[WhiteTeamCountry "SVK"]
[BlackTeamCountry "SVK"]

1. d4 Nf6 2. c4 g6 3. Nc3 Bg7 4. Nf3 0-0 5. g3 d5 6. cxd5 Nxd5 7. Bg2 Nc6 8. 0-0 Nb6 9. e3 Re8 10. h3 e5 11. dxe5 Nxe5 12. Nxe5 Bxe5 13. f4 Bf6 14. e4 Bd4+ 15. Kh2 Nc4 16. Nd5 c5 17. e5 Re6 18. b3 Nb6 19. Nf6+ Rxf6 20. exf6 Qxf6 21. Ba3 Bxa1 22. Qxa1 Qxa1 23. Rxa1 c4 24. Rc1 Be6 25. Bxb7 Rd8 26. g4 Rd2+ 27. Kg3 Rxa2 28. Bc5 Bd5 29. Rd1 Bxb7 30. Rd8+ Kg7 31. Bf8+ 1-0

[Event "SVK-chT1E 0910"]
[Site "Slovakia"]
[Date "2010.01.16"]
[Round "6.3"]
[White "Vacek, Ondrej"]
[Black "Prielozny, Stanislav"]
[Result "0-1"]
[WhiteElo "2147"]
[BlackElo "2160"]
[PlyCount "118"]
[EventDate "2009.10.17"]
[EventType "team"]
[EventRounds "11"]
[EventCountry "SVK"]
[SourceTitle "EXT 2011"]
[Source "ChessBase"]
[SourceDate "2010.11.26"]
[SourceVersion "1"]
[SourceVersionDate "2010.11.26"]
[SourceQuality "1"]
[WhiteTeam "Banska Bystrica"]
[BlackTeam "Rajecke Teplice"]
[WhiteTeamCountry "SVK"]
[BlackTeamCountry "SVK"]

1. Nf3 Nf6 2. c4 c6 3. d4 d5 4. cxd5 cxd5 5. Nc3 Nc6 6. Bf4 Bf5 7. e3 e6 8. Bb5 Nd7 9. Qb3 Be7 10. Rc1 0-0 11. 0-0 Na5 12. Qa4 Nf6 13. Ne5 a6 14. Be2 b5 15. Qd1 h6 16. Bd3 Bxd3 17. Qxd3 Nd7 18. Ne2 Nxe5 19. Bxe5 Nc4 20. b3 Nxe5 21. dxe5 Ba3 22. Rc2 Rc8 23. Nd4 Rxc2 24. Nxc2 Bb2 25. f4 Qc7 26. Rb1 Bc3 27. Rc1 Bb2 28. Rb1 Bc3 29. Rc1 Ba5 30. Rd1 Rc8 31. Nd4 Bb6 32. Kf2 g6 33. Rd2 Bxd4 34. Qxd4 Qc1 35. Qb2 Qc5 36. Qd4 Qc7 37. Qb2 b4 38. Ke2 Qc6 39. Kf2 h5 40. Ke1 a5 41. Kf2 h4 42. Kg1 Kg7 43. h3 Qc5 44. Kf2 Qc3 45. Qxc3 Rxc3 46. Ke2 g5 47. Kf3 Kg6 48. Kg4 Rxe3 49. fxg5 Re4+ 50. Kf3 Rxe5 51. Rd4 Kxg5 52. Rg4+ Kh5 53. Rg8 Rf5+ 54. Ke3 Rg5 55. Rh8+ Kg6 56. Kf2 Rh5 57. Rg8+ Kf6 58. Rd8 Ke7 59. Ra8 d4 0-1